01121cam a22003017a 450000100090000000300040000900500170001300800410003001000170007101500190008801600180010702000250012502000220015003500240017204000350019604200140023105000240024508200140026924500930028326000520037630000320042849000350046050001360049550400510063165000340068270000220071683000810073816788281OSt20150408114018.0110520s2011 enka b 101 0 eng  a 2011377290 aGBB0611152bnb7 a0155515082Uk a9781847552594 (hbk.) a1847552595 (hbk.) a(OCoLC)ocn496518047 aUKMcUKMdYDXCPdCUDdCGUdDLC alccopycat00aQD415.A1b.F86 201104a547.722200aFunctional molecules from natural sources /cedited by, Stephen K. Wrigley ... [et al.]. aCambridge :bRoyal Society of Chemistry,c2011. ax, 233 p. :bill. ;c24 cm.1 aSpecial publication ;vno. 320 a"The proceedings from Functional Molecules from Natural Sources held at Magdalen College, Oxford, UK on 6-8 July 2009": t.p. verso. aIncludes bibliographical references and index. 0aNatural productsvCongresses.1 aWrigley, Stephen. 0aSpecial publication (Royal Society of Chemistry (Great Britain)) ;vno. 320.